Estudio de parámetros para metrología de fibras ópticas en telecomunicaciones

保存先:
書誌詳細
第一著者: Marín Naranjo, Luis Diego, 1960-
フォーマット: 図書
言語:Spanish
出版事項: [San José, Costa Rica: Universidad de Costa Rica, Facultad de Ingeniería, Instituto de Investigaciones en Ingeniería] 2006
タグ: タグ追加
タグなし, このレコードへの初めてのタグを付けませんか!

MARC

LEADER 00000nam a2200000Ia 4500
003 PI0147
005 20240510085933.0
008 140114s2005 cr a 000 ||spa d
040 |c cru CEDI  
100 |a Marín Naranjo, Luis Diego, 1960-  |9 1721 
245 |a Estudio de parámetros para metrología de fibras ópticas en telecomunicaciones  
260 |a  [San José, Costa Rica: Universidad de Costa Rica, Facultad de Ingeniería, Instituto de Investigaciones en Ingeniería]  |c 2006 
500 |a Informe Final No. 731-A5-158 
942 |c PI  |h PI-147  |i PI0147  |6 PI_147_PI0147 
999 |c 12916  |d 12916